| 000 | 00478nam a2200157 i 4500 | ||
|---|---|---|---|
| 001 | 32286 | ||
| 003 | ES-MaACL | ||
| 005 | 20230906154539.0 | ||
| 007 | t| | ||
| 008 | 030130s1953 sp ||||1| spa d | ||
| 100 | 1 |
_aBergós, Joan. _9143724 |
|
| 245 | 1 | 0 |
_aMateriales y elementos de construcción _b: estudio experimental / _cJoan Bergos. |
| 260 |
_aBarcelona : _bBosch, _c[1953] ( _fJ. Sabater Bros) |
||
| 300 |
_a408 p. : _bil. ; _c25 cm. |
||
| 852 |
_aES-MaACL _jC-8295 _bR.36223 |
||
| 999 |
_c32286 _d32286 |
||